| 000 | 00441nam a22001697a 4500 | ||
|---|---|---|---|
| 003 | OSt | ||
| 005 | 20241121124351.0 | ||
| 008 | 241121b |||||||| |||| 00| 0 eng d | ||
| 020 | _a9966478884 | ||
| 040 | _cChuka University | ||
| 050 |
_aRC 265.6 _b.B67 2017 |
||
| 100 |
_aBoruett,William K _917705 |
||
| 245 | _aCancer is not a Death Sentence | ||
| 260 |
_aNairobi,Kenya _bPhoenix Publishers _c2017 |
||
| 300 | _a73p. | ||
| 942 |
_2lcc _cBK _n0 |
||
| 999 |
_c18315 _d18315 |
||